=LDR 00000nam 2200000 4500 =001 INLIS000000000036169 =005 20130612141954 =008 ***********************************Ind** =035 ##$$0010-061300000036169 =041 ##$$a Ind =082 ##$$a 028.5 =090 ##$$a 028.5, Bal j =100 ##$$a Ball, Jaczueline A =245 ##$$a Just in time = tunggu dulu dong, kisah tentang kesabaran, Jac Zueline A Ball ; alih bahasa, Ramayanti =260 ##$$a 2010 $b Jakarta =300 ##$$a 33 hlm, ilus, 20 cm =650 ##$$a Bacaan kanak-kanak =700 ##$$a Ramayanti =850 ##$$a NBPNMAT =990 ##$$a 0001/BPAP-NTB/20142014